| 000 | 00376nam a22001457a 4500 | ||
|---|---|---|---|
| 020 | _qPB. | ||
| 040 | _cFIZZA ISHAQ | ||
| 082 |
_a627.042 _bHUB |
||
| 100 | _aCHANSON,HUBERT. | ||
| 245 |
_aHYDRAULICS OF OPEN CHANNEL FLOW AN INTRODUCTION / _cHUBERT CHANSON. |
||
| 250 | _a2ND ENITION. | ||
| 260 |
_aAUSTRALIA ; _bBUTTERWORTH, _c2004. |
||
| 300 | _a585 P. ; | ||
| 942 |
_2ddc _cBK |
||
| 999 |
_c593442 _d593442 |
||